书目信息 |
| 题名: |
夏商周原始文化要论
|
|
| 作者: | 周延良 著 | |
| 分册: | ||
| 出版信息: | 北京 学苑出版社 2004 |
|
| 页数: | 15,291页 | |
| 开本: | 21cm | |
| 丛书名: | 中国诗歌研究中心学术丛刊 | |
| 单 册: | ||
| 中图分类: | K220.3 | |
| 科图分类: | ||
| 主题词: | 文化史--研究--中国--先秦 , 中国--古代史--奴隶社会 | |
| 电子资源: | ||
| ISBN: | 7-80060-283-4 | |
| 000 | 01044nam0 2200253 450 | |
| 001 | TS-199761 | |
| 005 | 20070117141825.18 | |
| 010 | @a7-80060-283-4@dCNY20.00 | |
| 100 | @a20060829d2004 em y0chiy0110 ea | |
| 101 | 0 | @achi |
| 102 | @aCN@b110000 | |
| 105 | @ay z 000yy | |
| 200 | 1 | @a夏商周原始文化要论@AXia Shang Zhou Yuan Shi Wen Hua Yao Lun@f周延良著@FZhou Yan Liang Zhu |
| 210 | @a北京@c学苑出版社@d2004 | |
| 215 | @a15,291页@d21cm | |
| 225 | 2 | @a中国诗歌研究中心学术丛刊@v9 |
| 330 | @a本书系统地论述了史前文化的方法问题;有关古典文献的真伪认定与学术史上的疑古辨伪。全书涉及唐虞文化的原始哲学形态,鲧、禹治水时代的自然辨证观念、虞夏时代的婚姻形态和周部族的原始图腾等多方面内容,提出了作者对华夏原始先民的思维特点、原始社会晚期的“礼乐”文明、三代图腾等研究领域的独特思考。 | |
| 410 | 0 | @12001 @a中国诗歌研究中心学术丛刊@v9 |
| 606 | 0 | @a文化史@x研究@y中国@z先秦 |
| 606 | 0 | @a中国@x古代史@x奴隶社会 |
| 690 | @aK220.3@v4 | |
| 701 | 0 | @a周延良@AZhou Yan Liang@4著 |
| 801 | 0 | @aCN@b中图数据@c20070117 |
| 905 | @a10447@dK220.3@e39 | |
| 夏商周原始文化要论/周延良著.-北京:学苑出版社,2004 |
| 15,291页;21cm.-(中国诗歌研究中心学术丛刊;9) |
| ISBN 7-80060-283-4:CNY20.00 |
| 本书系统地论述了史前文化的方法问题;有关古典文献的真伪认定与学术史上的疑古辨伪。全书涉及唐虞文化的原始哲学形态,鲧、禹治水时代的自然辨证观念、虞夏时代的婚姻形态和周部族的原始图腾等多方面内容,提出了作者对华夏原始先民的思维特点、原始社会晚期的“礼乐”文明、三代图腾等研究领域的独特思考。 |
| ● |
| 相关链接 |
|
|
|
|
正题名:夏商周原始文化要论
索取号:K220.3/39
 
预约/预借
| 序号 | 登录号 | 条形码 | 馆藏地/架位号 | 状态 | 备注 |
| 1 | 0607913 | 206079134 | 第二样本阅览室/ [索取号:K220.3/39] | 在馆 | |
| 2 | 0607914 | 206079143 | 第二借阅区/ [索取号:K220.3/39] | 在馆 | |
| 3 | 0607915 | 206079152 | 第二借阅区/ [索取号:K220.3/39] | 在馆 | |
| 4 | 0607916 | 206079161 | 第二借阅区/ [索取号:K220.3/39] | 在馆 | |
| 5 | 0607917 | 206079170 | 第二借阅区/ [索取号:K220.3/39] | 在馆 | |
| 6 | 0607918 | 206079189 | 第二借阅区/ [索取号:K220.3/39] | 在馆 |